Responses for Show #8436 - Monday, July 5, 2021

Courtney Shah game 6.
Champion's winnings & consolation amounts matched to Odyssey Atlanta.

Contestants

[<< previous game]

Rebecca Gould, an ESL paraeducator from Columbia, Maryland

Mark Lucas, a corporate and career strategist from Redondo Beach, California

Courtney Shah, a community college instructor from Portland, Oregon (whose 5-day cash winnings total $79,258)

[next game >>]

Jeopardy! Round responses

BORDERING THE USA
DISNEY MOVIES BY SONGS
THIS & THAT
ANIMALS
4-LETTER WORDS
THEY DON'T LIVE ON SESAME STREET
    $200 2
Vancouver

Mark
    $200 1
Toy Story

Mark
    $200 21
the Coast Guard

Mark
    $200 9
an aardvark

Courtney
    $200 29
jazz

Mark
    $200 11
golf

Courtney
    $400 3
Niagara Falls

Rebecca
    $400 4
Cinderella

Rebecca
    $400 23
a parasol

Rebecca
    $400 14
a badger

Rebecca
    $2,000 28
czar

Courtney
    $400 12
the bends

Mark
    $600 8
Baja California

Rebecca
    $600 5
Tarzan

Rebecca
    $600 24
fronds

Triple Stumper
    $600 15
a mongoose

Mark
    $600 26
an axel

Mark
    $600 17
Theodore Roosevelt

Courtney
    $800 10
(Mark: What is... Manitoba?)
(Courtney: What is Saskatchewan?)

Alberta

CourtneyMarkRebecca
    $800 6
The Jungle Book

Rebecca
    $800 25
the Liberty Bell

Mark
    $800 19
a platypus

Mark
    $800 27
an ogre

Courtney
    $800 13
a pelican

Rebecca
    $1000 16
Tijuana

Mark
    $1000 7
Pocahontas

Mark
    $1000 22
a rap sheet

Triple Stumper
    $1000 20
marmoset

Triple Stumper
    $1000 30
a fife

Mark
    $1000 18
Oscar Hammerstein

Courtney

Scores at the first commercial break (after clue 15):

Courtney Mark Rebecca
-$400 $1,600 $4,800

Scores at the end of the Jeopardy! Round:

Courtney Mark Rebecca
$4,000 $6,200 $5,200

Double Jeopardy! Round responses

KABUL STONES
LITERATURE
STARTS & ENDS WITH "T"
PUT IN OSCILLATION
DOCTORED TELEVISION
(Sanjay: Name the shows from the major characters we give.)
DRUNK HISTORY
    $400 13
a wall

Rebecca
    $400 4
The Jungle

Courtney
    $400 18
a trivet

Mark
    $400 19
(Sanjay: [Demonstrates] Right, can you do it, though?)
[Laughter]
(Rebecca: Uh, I'm not going to.)

the sprinkler

Rebecca
    $400 8
Scrubs

Rebecca
    $400 1
sake

Mark
    $800 14
marble

Courtney
    $800 5
Macbeth

Mark
    $800 24
troubleshoot

Courtney
    $800 20
a tuning fork

Mark
    $800 9
The West Wing

Mark
    $800 2
gin

Courtney
    $1200 28
the Taliban

Rebecca
    $1200 15
Tom Jones

Triple Stumper
    $1200 25
turret

Courtney
    $1200 21
Dyson

Mark
    $1200 10
Nip/Tuck

Rebecca
    $1200 3
Benedictine

Triple Stumper
    $1600 29
minefields

Mark
    $1600 16
[NOTE: Courtney did not include the leading article.]

The Bonfire of the Vanities

Courtney
    $1600 26
a tesseract

Mark
    $1600 22
an MRI (magnetic resonance image)

Triple Stumper
    $1600 11
Northern Exposure

Mark
    $3,400 6
(Mark: What is... 1923?)
...
(Sanjay: End of Prohibition.)

1933

Mark
    $2000 30
the Mughal Empire

Courtney
    $2000 17
Possession

Triple Stumper
    $2000 27
transient

Triple Stumper
    $2,800 23
(Mark: What is... uh. What's a Tesla coil?)

a Foucault pendulum

Mark
    $2000 12
The Knick

Triple Stumper
    $2000 7
(Mark: What is Mouton?)(Courtney: What is Briand?)

Lafite

CourtneyMark
Triple Stumper

Scores at the end of the Double Jeopardy! Round:

Courtney Mark Rebecca
$9,600 $7,200 $8,800

[wagering suggestions for these scores]

Final Jeopardy! Round responses

WORLD GEOGRAPHY
(Sanjay: [To Mark] Both parts of the South China Sea.)
MarkWhat are Tongkin & Thailand?
$2,402
RebeccaWhat are ? and ?
$6,200
CourtneyWhat are the Gulf of Tonkin and Thailand?
$8,100
the Gulf of Tonkin & the Gulf of Thailand

Final scores:

Courtney Mark Rebecca
$17,700 $9,602 $2,600
6-day champion: $96,958 2nd place: $2,000 3rd place: $1,000

Game dynamics:

Coryat scores:

Courtney Mark Rebecca
$8,000 $13,400 $8,800
13 R
(including 1 DD),
2 W
21 R,
4 W
(including 2 DDs)
14 R,
0 W

Combined Coryat: $30,200

[game clues] [game scores] [suggest correction]

Game tape date: 2021-03-31
The J! Archive is created by fans, for fans. Scraping, republication, monetization, and malicious use prohibited; this site may use cookies and collect identifying information. See terms. The Jeopardy! game show and all elements thereof, including but not limited to copyright and trademark thereto, are the property of Jeopardy Productions, Inc. and are protected under law. This website is not affiliated with, sponsored by, or operated by Jeopardy Productions, Inc. Join the discussion at JBoard.tv.